Statistics for Top 20 Detroit Tigers of All-Time

Click here to take the quiz!

General Stats

  • This quiz has been taken 245 times
    (129 since last reset)
  • The average score is 10 of 20

Answer Stats

WARYearsPosPlayer% Correct
145.01905–1926OFTy Cobb
94%
56.12005–2017PJustin Verlander
89%
49.02008–20233BMiguel Cabrera
89%
92.91953–1974OFAl Kaline
82%
70.71977–1996SSAlan Trammell
79%
75.11977–19952BLou Whitaker
76%
52.81930–1941
1945–1946
1BHank Greenberg
69%
51.71960–19741BNorm Cash
54%
61.41939–1953PHal Newhouser
53%
84.81924–19422BCharlie Gehringer
52%
46.91963–1975PMickey Lolich
51%
44.81961–1976CBill Freehan
47%
68.11914–1929OFHarry Heilmann
38%
63.71903–1917OFSam Crawford
33%
49.01939–1952PDizzy Trout
13%
46.01912–1923OFBobby Veach
11%
40.71912–1926PHooks Dauss
11%
46.41902–1913PGeorge Mullin
8%
38.51908–1921SSDonie Bush
5%
50.51930–1946PTommy Bridges
5%

Score Distribution

Percentile by Number Answered

Percent of People with Each Score

Your Score History

You have not taken this quiz since the last reset